|
|
|
|
| LEADER |
02540nam a2200385 a 4500 |
| 001 |
GR-MES11093 |
| 008 |
061121s20032005gr g 000 0 gre d |
| 020 |
|
|
|a 9603757985
|
| 040 |
|
|
|a GrPaTEI
|b gre
|c GR-PaULI
|
| 040 |
|
|
|a GrPaTEI
|b gre
|c GR-PaULI
|
| 082 |
|
0 |
|a 333.72
|2 22
|
| 100 |
1 |
|
|a Foster, John Bellamy
|
| 245 |
1 |
0 |
|a Οικολογία και καπιταλισμός /
|c Τζον Μπέλαμι Φόστερ ; προλογικό σημείωμα: Κωνσταντίνος Δ. Γεωρμάς ; μετάφραση: Αφροδίτη Θεοδωρακάκου.
|
| 260 |
|
|
|a Αθήνα :
|b Μεταίχμιο,
|c 2005
|
| 300 |
|
|
|a 370σ. ;
|c 20εκ.
|
| 490 |
0 |
|
|a Αναμετρήσεις με τον 21ο αιώνα
|
| 500 |
|
|
|a Περιλαμβάνει ευρετήριο.
|
| 500 |
|
|
|a Σύστημα "ΕΥΔΟΞΟΣ": αρ. εισ. 26151, 26152, 26153, 26786, 27128, 27129
|
| 500 |
|
|
|a Τίτλος πρωτοτύπου: John Bellamy Foster,Ecology against Capitalism.
|
| 610 |
|
4 |
|a Σύστημα ΕΥΔΟΞΟΣ
|
| 650 |
|
4 |
|a Καπιταλισμός
|
| 650 |
|
4 |
|a ΚΕΦΑΛΑΙΟΚΡΑΤΙΑ
|
| 650 |
|
4 |
|a Οικολογία
|
| 650 |
|
4 |
|a ΠΕΡΙΒΑΛΛΟΝΤΙΚΗ ΟΙΚΟΝΟΜΙΑ
|
| 700 |
1 |
|
|a Γεώρμας, Κωνσταντίνος Δ.
|
| 700 |
1 |
|
|a Θεοδωρακάκου, Αφροδίτη
|
| 710 |
0 |
|
|a Μεταίχμιο
|
| 942 |
|
|
|2 ddc
|
| 952 |
|
|
|0 0
|1 0
|2 ddc
|4 0
|6 333_720000000000000_FOS
|7 0
|9 270266
|a MSLG
|b MSLG
|c BSC
|d 2021-01-17
|e 24
|f 0
|g 0.00
|i 20940
|l 0
|o 333.72 FOS
|p 2420000020940
|r 2021-01-17 00:00:00
|t 1
|w 2021-01-17
|y BK15
|x 20061121 0 1
|x GrPaTEI
|
| 952 |
|
|
|0 0
|1 0
|2 ddc
|4 0
|6 333_720000000000000_FOS
|7 0
|9 270268
|a MSLG
|b MSLG
|c EUD
|d 2021-01-17
|e 24
|f 0
|g 0.00
|i 26152
|l 0
|o 333.72 FOS
|p 2420000026152
|r 2021-01-17 00:00:00
|t 2
|w 2021-01-17
|y BK15
|x 20131210 0 ΧΑΣΑΝΗ 1
|x GrPaTEI
|
| 952 |
|
|
|0 0
|1 0
|2 ddc
|4 0
|6 333_720000000000000_FOS
|7 0
|9 270269
|a MSLG
|b MSLG
|c EUD
|d 2021-01-17
|e 24
|f 1
|g 0.00
|i 26786
|l 0
|o 333.72 FOS
|p 2420000026786
|r 2021-01-17 00:00:00
|t 3
|v 2021.00
|w 2021-01-17
|y BK15
|x 20131210 0 ΧΑΣΑΝΗ 0
|x GrPaTEI
|
| 952 |
|
|
|0 0
|1 0
|2 ddc
|4 0
|6 333_720000000000000_FOS
|7 0
|9 270270
|a MSLG
|b MSLG
|c EUD
|d 2021-01-17
|e 24
|f 0
|g 0.00
|i 27128
|l 0
|o 333.72 FOS
|p 2420000027128
|r 2021-01-17 00:00:00
|t 4
|w 2021-01-17
|y BK15
|x 20140206 0 ΧΑΣΑΝΗ 1
|x GrPaTEI
|
| 952 |
|
|
|0 0
|1 0
|2 ddc
|4 0
|6 333_720000000000000_FOS
|7 0
|9 270272
|a MSLG
|b MSLG
|c EUD
|d 2021-01-17
|e 24
|f 1
|g 0.00
|i 27129
|l 0
|o 333.72 FOS
|p 2420000027129
|r 2021-01-17 00:00:00
|t 5
|w 2021-01-17
|y BK15
|x 20140206 0 ΧΑΣΑΝΗ 0
|x GrPaTEI
|
| 971 |
|
|
|a .b25771401
|b 16-04-20
|c 13-09-16
|
| 999 |
|
|
|c 156079
|d 156079
|